|
|
|
|
| LEADER |
00000nam0a2200000 4500 |
| 001 |
323068 |
| 005 |
20231102003532.0 |
| 035 |
|
|
|a (RuTPU)RU\TPU\book\348626
|
| 035 |
|
|
|a RU\TPU\book\348623
|
| 090 |
|
|
|a 323068
|
| 100 |
|
|
|a 20161007d1934 m y0rusy50 ca
|
| 101 |
0 |
|
|a rus
|
| 102 |
|
|
|a RU
|
| 105 |
|
|
|a a j 000zy
|
| 200 |
1 |
|
|a Лекции по теоретической механике
|e учебное пособие
|h Ч. 1 : I. Статика твердого тела. II. Кинематика
|f Е. Л. Николаи
|
| 210 |
|
|
|a Ленинград
|a Москва
|c ОНТИ
|d 1934
|
| 215 |
|
|
|a 239 с.
|c ил.
|
| 606 |
1 |
|
|a Механика теоретическая
|2 stltpush
|3 (RuTPU)RU\TPU\subj\59441
|9 76991
|
| 610 |
1 |
|
|a учебные пособия
|
| 610 |
1 |
|
|a статика
|
| 610 |
1 |
|
|a кинематика
|
| 610 |
1 |
|
|a динамика
|
| 610 |
1 |
|
|a сложение сил
|
| 610 |
1 |
|
|a пара сил
|
| 610 |
1 |
|
|a усилия
|
| 610 |
1 |
|
|a определение
|
| 610 |
1 |
|
|a центр тяжести
|
| 610 |
1 |
|
|a точка
|
| 610 |
1 |
|
|a уравнение движения
|
| 610 |
1 |
|
|a скорость
|
| 610 |
1 |
|
|a твердые тела
|
| 610 |
1 |
|
|a вращение
|
| 610 |
1 |
|
|a движение
|
| 675 |
|
|
|a 531(075.8)
|v 4
|
| 700 |
|
1 |
|a Николаи
|b Е. Л.
|
| 801 |
|
1 |
|a RU
|b 63413507
|c 20161007
|
| 801 |
|
2 |
|a RU
|b 63413507
|c 20200909
|g RCR
|
| 942 |
|
|
|c BK
|